| 000 | 00488nam a2200181Ia 4500 | ||
|---|---|---|---|
| 003 | OSt | ||
| 005 | 20240418101734.0 | ||
| 008 | 210210b1948 xxu||||| |||| 00| 0 eng d | ||
| 040 | _cAL | ||
| 041 | _aKannada | ||
| 082 | _a853/241 | ||
| 100 |
_aPUTTASVAMAYYA (B) _dಪುಟ್ಟಸ್ವಾಮಯ್ಯ ಬಿ _9160016 |
||
| 245 |
_aAbhinetri _b ಅಭಿನೇತ್ರಿ |
||
| 260 |
_aBengaluru _b- _c1948 |
||
| 690 |
_aKannada Drama _9160018 |
||
| 906 | _a019513 | ||
| 942 |
_2ddc _cBK |
||
| 999 |
_c143637 _d143637 |
||